| 000 | 00455nam a2200169 a 4500 | ||
|---|---|---|---|
| 001 | 0000-8703 | ||
| 003 | ELIB.Books | ||
| 008 | 110520 1975 | ||
| 035 | _a(ELIB.Books)0000-8849 | ||
| 082 |
_aR _bKin |
||
| 100 | _aKing James Version | ||
| 245 | _aThe Zondervan Parallel N.T in Greek and English | ||
| 260 |
_bMichigan: Zondervan Publishing House _c1975 |
||
| 650 | _aReference | ||
| 942 |
_2ddc _cBK |
||
| 998 |
_cbat _e2011-05-20 |
||
| 999 |
_c8703 _d8703 |
||